Relevance of Prophets (Record no. 9377)
[ view plain ]
| 000 -LEADER | |
|---|---|
| fixed length control field | 00646nam a2200253 a 4500 |
| 020 ## - INTERNATIONAL STANDARD BOOK NUMBER | |
| ISBN | |
| 082 00 - DEWEY DECIMAL CLASSIFICATION NUMBER | |
| Classification number | 224 |
| Author Cutter | SCO |
| 100 ## - MAIN ENTRY--AUTHOR NAME | |
| Author name | Scott, R B Y |
| 245 ## - TITLE STATEMENT | |
| Title | Relevance of Prophets |
| Sub title | an Introduction to the Old Testament Prophets & |
| 260 ## - PUBLICATION, DISTRIBUTION, ETC. (IMPRINT) | |
| Place of publication | London |
| Name of publisher | Macmillan and Co. |
| Year of publication | 1969 |
| 300 ## - PHYSICAL DESCRIPTION | |
| Number of Pages | 248p |
| 500 ## - GENERAL NOTE | |
| General note | includes index and biblioraphy |
| 505 2# - FORMATTED CONTENTS NOTE | |
| Formatted contents note | Index |
| 650 ## - SUBJECT ADDED ENTRY--TOPICAL TERM | |
| Topical Term | Bible-Prophets |
| 650 ## - SUBJECT ADDED ENTRY--TOPICAL TERM | |
| Topical Term | Prophets-Old Testament |
| 942 ## - ADDED ENTRY ELEMENTS (KOHA) | |
| Koha item type | Books |
| 700 1# - | |
| -- | Scott, R B Y |
| Collection code | Home library | Current library | Date acquired | Cost, normal purchase price | Full call number | Accession Number | Koha item type |
|---|---|---|---|---|---|---|---|
| Henry Martyn Institute Library | Henry Martyn Institute Library | 06/19/2007 | 100.00 | 224 SCO | 014757 | Books |
